000 00563nam a2200217Ia 4500
003 OSt
005 20221002055017.0
006 a|||||r|||| 00| 0
007 ta
008 kae
024 _a71429
037 _cReference Collections
040 _aCRL
_cCRL
_bkae
041 _2kae
_akae
082 _aP33,4:4k, 111L0(RR)
100 _aBhat M. Mariappa Au.
_9576587
245 0 _aKittel's Kannada-english dictonary
260 _c1970
942 _hP33,4:4k, 111L0(RR)
_cref
_2CC
999 _c926466
_d926466